|
|
|
|
| LEADER |
00000nam0a2200000 4500 |
| 001 |
346834 |
| 005 |
20231102005929.0 |
| 010 |
|
|
|a 9785972907823
|
| 035 |
|
|
|a (RuTPU)RU\TPU\book\378719
|
| 090 |
|
|
|a 346834
|
| 100 |
|
|
|a 20211119d2022 m y0rusy50 ca
|
| 101 |
0 |
|
|a rus
|
| 102 |
|
|
|a RU
|
| 105 |
|
|
|a a j 001zy
|
| 200 |
1 |
|
|a Технологические процессы нефтегазового комплекса
|e учебное пособие
|f Б. П. Елькин, В. А. Иванов, А. В. Рябков
|g под ред. Б. П. Елькина
|
| 210 |
|
|
|a Москва
|a Вологда
|c Инфра-Инженерия
|d 2022
|
| 215 |
|
|
|a 164 с.
|c ил.
|
| 320 |
|
|
|a Библиогр.: с. 164
|
| 330 |
|
|
|a Представлены базовые понятия, технологические приёмы, операции и процессы нефтегазовой отрасли. Описаны технологии подготовки разведанных месторождений к разработке, процессы бурения скважин и их освоения, аппаратные технологии подготовки углеводородного сырья к транспорту и переработке. Уделено внимание новым разработкам, в том числе бестраншейным способам капитального ремонта трубопроводов и технологии прокладки трубопроводов на труднодоступных территориях. Освещены вопросы управления предприятиями. Для студентов вузов нефтегазовых направлений подготовки, а также учащихся колледжей и лицеев экологических, экономических и других направлений
|
| 606 |
1 |
|
|a Нефтегазовый комплекс
|2 stltpush
|3 (RuTPU)RU\TPU\subj\45571
|9 64765
|
| 610 |
1 |
|
|a технология
|
| 610 |
1 |
|
|a технологические процессы
|
| 610 |
1 |
|
|a нефтегазовая отрасль
|
| 610 |
1 |
|
|a структура
|
| 610 |
1 |
|
|a нефтегазовые объекты
|
| 610 |
1 |
|
|a строительные технологии
|
| 610 |
1 |
|
|a организация производства
|
| 610 |
1 |
|
|a управление
|
| 610 |
1 |
|
|a инновационные технологии
|
| 610 |
1 |
|
|a учебные пособия
|
| 675 |
|
|
|a 622.323(075.8)
|v 4
|
| 700 |
|
1 |
|a Елькин
|b Б. П.
|g Борис Петрович
|
| 701 |
|
1 |
|a Иванов
|b В. А.
|g Вадим Андреевич
|
| 701 |
|
1 |
|a Рябков
|b А. В.
|g Антон Викторович
|
| 702 |
|
1 |
|a Елькин
|b Б. П.
|g Борис Петрович
|4 340
|
| 801 |
|
1 |
|a RU
|b 63413507
|c 20211119
|
| 801 |
|
2 |
|a RU
|b 63413507
|c 20220113
|g RCR
|
| 942 |
|
|
|c BK
|
| 959 |
|
|
|a 10/20211119
|d 3
|e 980,00
|f УФ:2
|f ЧЗТЛ:1
|